1243 1569 1063 1627 1260 1734 1347 1818 1768 1503 1896 1307 1156 1474 1614 1773 1276 1737 1520 1884 1649 1938 1250 1205 1718 1274 1935 1482 1179 1081 1374 1651 1196 1991 1751 1496 1492 1396 1189 1760 1310 1521 1616 1336 1959 1590 1272 1983 1628 1185 1848 1779 1115 1082 1777 1211 1877 1332 1735 1288 1085 1025 1118 1826 1982 1124 1693 1169 1078 1111 1094 1942 1055 1464 1942 1484 1631 1384 1518 1495 1221 1330 1522 1721 1752 1454 1155 1817 1670 1000 1032 1638 1995 1413 1231 1012 1526 1365 1843 BCNSPRNW ULIB Ver.6.0+V

เปลี่ยนเป็นภาษาไทย

Change to English
 แสดงรายละเอียดบรรณานุกรม
  กลับหน้าหลัก

Brief Record : Get Marc (ISO 2709) : E-mail record : QR code < ปิดหน้าต่าง
LEADER : 00000nam 2200000uu 4500
001    13399109867
003     ULIB
008    110418s2543||||th 000 0 tha d
020    9743338888
060 04 WC750^bว648ด 2543
100 0  วิภา ปริญานุภาพ
245 10 การพยาบาลผู้ป่วยเด็ก :^bโรคมาลาเรียและอุจจาระร่วงจากเชื้อปรสิต /^cวิภา ปริญานุภาพ
250    พิมพ์ครั้งที่ 1
260    กรุงเทพฯ :^bคณะเวชศาสตร์เขตร้อน มหาวิทยาลัยมหิดล,^c2543
300    ก-ข, 151 หน้า :^bภาพประกอบสี ;^c21 ซม.
650  2 Pediatric Nursing
650  2 Malaria^xnursing
650  2 Diarrhea^xin infancy & childhood^xnursing
650  7 มาลาเรีย^xการพยาบาล
650  7 การพยาบาลกุมารเวชศาสตร์
650  7 ท้องร่วงในเด็ก^xการพยาบาล
710 2  มหาวิทยาลัยมหิดล. ^bคณะเวชศาสตร์เขตร้อน
945    ^p135^l0^i014119
945    ^p135^l0^i014118
945    ^p135^l0^i014117
945    ^p135^l0^i014116
945    ^p135^l0^i014114
945    ^p135^l0^i014115
995    ทศพร
999 ^a ใช้งานได้ทุกระบบ
รายการนี้ยังไม่มีแท็ก
คุณยังไม่ได้ล็อกอิน คุณสามารถมีกิจกรรมร่วมกับเว็บไซต์ได้ แต่ต้องล็อกอินก่อน ::
  ล็อกอิน

รายการสื่อสารสนเทศ

ลำดับที่ ประเภท เลขเรียก/บาร์โค้ด สถานที่ สถานะ
- ไม่พบข้อมูล -

รายการใกล้เคียง
    ผู้แต่ง [วิภา ปริญานุภาพ]

    หัวเรื่อง [Pediatric Nursing]
    หัวเรื่อง [การพยาบาลกุมารเวชศาสตร์]

BibComment


ยังไม่เคยถูกคอมเมนท์

คอมเมนท์ทรัพยากรรายการนี้
  คอมเมนท์: การพยาบาลผู้ป่วยเ..


 Copyright 2026. Bcnsprnw @Library